| 000 | 01833cam a2200433Ii 4500 | ||
|---|---|---|---|
| 999 |
_c5318 _d5318 |
||
| 001 | on1089292495 | ||
| 003 | OCoLC | ||
| 005 | 20200226131209.0 | ||
| 008 | 190306t20172017xx w 001 0 eng d | ||
| 020 | _a9781521344194 | ||
| 020 | _a1521344191 | ||
| 035 | _a(OCoLC)1089292495 | ||
| 040 |
_aEWF _beng _erda _cEWF _dOCLCO _dOCLCF |
||
| 043 | _af------ | ||
| 049 | _aTZAA | ||
| 050 | 4 |
_aKQE740 _b.R47 2017 |
|
| 245 | 0 | 0 |
_aReported cases of the African Court on Human and Peoples' Rights (2016) / 1 RCACtHPR Part 6 _cNonso Robert Attoh (editor) |
| 260 |
_a[Place of publication not identified] : _b[Nonso Robert Attoh], _c2017. |
||
| 300 |
_axlix, 265 pages ; _c23 cm |
||
| 490 | 1 |
_aRCAfCHPR ; _v1 (Part 6) |
|
| 500 | _aPublication data from Amazon.com. | ||
| 505 | 0 | _aSubject matter index -- Index of international instruments referred to by the Court -- Index of international case law referred to by the Court -- Reported cases. | |
| 520 | _a"A law report containing finalized decisions of the African Court on Human and Peoples' Rights"--Editorial note. | ||
| 610 | 2 | 0 |
_aAfrican Court on Human and Peoples' Rights _vCases. |
| 610 | 2 | 7 |
_aAfrican Court on Human and Peoples' Rights. _2fast |
| 650 | 0 |
_aLaw reports, digests, etc _zAfrica. |
|
| 650 | 0 |
_aHuman rights _zAfrica. |
|
| 650 | 0 |
_aInternational human rights courts _zAfrica. |
|
| 650 | 7 |
_aHuman rights. _2fast |
|
| 650 | 7 |
_aInternational human rights courts. _2fast |
|
| 650 | 7 |
_aLaw reports, digests, etc. _2fast |
|
| 651 | 7 |
_aAfrica. _2fast |
|
| 655 | 7 |
_aCourt decisions and opinions. _2lcgft |
|
| 655 | 7 |
_aCourt decisions and opinions. _2fast |
|
| 655 | 7 |
_aTrials, litigation, etc. _2fast |
|
| 700 | 1 |
_aAttoh, Nonso Robert, _eeditor. |
|
| 830 | 0 |
_aReported cases of the African Court on Human and Peoples' Rights ; _vv. 1, pt. 6. |
|
| 942 |
_2lcc _cBOOK |
||